| 000 -LEADER |
| fixed length control field |
01670cam a2200337 i 4500 |
| 001 - CONTROL NUMBER |
| control field |
b0844372 |
| 003 - CONTROL NUMBER IDENTIFIER |
| control field |
OSt |
| 005 - DATE AND TIME OF LATEST TRANSACTION |
| control field |
20241106090208.0 |
| 008 - FIXED-LENGTH DATA ELEMENTS--GENERAL INFORMATION |
| fixed length control field |
230705t20182018enka c 000 1 eng d |
| 020 ## - INTERNATIONAL STANDARD BOOK NUMBER |
| International Standard Book Number |
9780008621896 |
| 040 ## - CATALOGING SOURCE |
| Original cataloging agency |
AUNRT |
| Language of cataloging |
eng |
| Transcribing agency |
AUNRT |
| Modifying agency |
ATCDL |
| -- |
OCLCF |
| -- |
ATBIA |
| -- |
TNH |
| -- |
CNCAR |
| -- |
UKMGB |
| -- |
MLN |
| -- |
TAE |
| -- |
KH8 |
| Description conventions |
rda |
| 042 ## - AUTHENTICATION CODE |
| Authentication code |
nbic |
| 082 0# - DEWEY DECIMAL CLASSIFICATION NUMBER |
| Classification number |
823.92 WAL |
| 100 1# - MAIN ENTRY--PERSONAL NAME |
| Personal name |
Walliams, David, |
| Dates associated with a name |
1971- |
| Relator term |
author. |
| 245 14 - TITLE STATEMENT |
| Title |
The world's worst children 3 / |
| Statement of responsibility, etc. |
David Walliams ; illustrated by Tony Ross. |
| 264 #1 - PRODUCTION, PUBLICATION, DISTRIBUTION, MANUFACTURE, AND COPYRIGHT NOTICE |
| Place of production, publication, distribution, manufacture |
London, England : |
| Name of producer, publisher, distributor, manufacturer |
HarperCollins, |
| Date of production, publication, distribution, manufacture, or copyright notice |
2018. |
| 264 #4 - PRODUCTION, PUBLICATION, DISTRIBUTION, MANUFACTURE, AND COPYRIGHT NOTICE |
| Date of production, publication, distribution, manufacture, or copyright notice |
©2018. |
| 300 ## - PHYSICAL DESCRIPTION |
| Extent |
282 pages : |
| Other physical details |
color illustrations ; |
| Dimensions |
20 cm. |
| 336 ## - CONTENT TYPE |
| Content type term |
text |
| Content type code |
txt |
| Source |
rdacontent. |
| 336 ## - CONTENT TYPE |
| Content type term |
still image |
| Content type code |
sti |
| Source |
rdacontent. |
| 337 ## - MEDIA TYPE |
| Media type term |
unmediated |
| Media type code |
n |
| Source |
rdamedia. |
| 338 ## - CARRIER TYPE |
| Carrier type term |
volume |
| Carrier type code |
nc |
| Source |
rdacarrier. |
| 490 1# - SERIES STATEMENT |
| Series statement |
The world's worst children ; |
| Volume/sequential designation |
bk.3. |
| 505 0# - FORMATTED CONTENTS NOTE |
| Formatted contents note |
The terrible triplets -- Tandy's tantrums -- Boastful Barnabus -- Fanny's funny faces -- Hank's pranks -- Honey the hogger -- Vain Valentine -- Bonnie Bossypants -- Walter the wasp -- Kung Fu Kylie. |
| 520 ## - SUMMARY, ETC. |
| Summary, etc. |
Just when you thought it was safe to go back to your bookshelf, 10 more horrendously hilarious stories about the absolute worst children ever! From ten-year old Hank and his endless pranks on his poor, long-suffering family, to Tandy and her titanic tantrums - this brand new collection is the perfect companion to World's Worst Children books 1 and 2 and an ideal gift for the worst children in your life! |
| 521 1# - TARGET AUDIENCE NOTE |
| Target audience note |
Ages 8-12. |
| 650 #0 - SUBJECT ADDED ENTRY--TOPICAL TERM |
| Topical term or geographic name entry element |
Conduct of life |
| Form subdivision |
Juvenile fiction. |
| 700 1# - ADDED ENTRY--PERSONAL NAME |
| Personal name |
Ross, Tony, |
| Relator term |
illustrator. |
| 830 #0 - SERIES ADDED ENTRY--UNIFORM TITLE |
| Uniform title |
World's worst children ; |
| Volume/sequential designation |
3. |
| 942 ## - ADDED ENTRY ELEMENTS (KOHA) |
| Source of classification or shelving scheme |
|
| Koha item type |
Books - Fiction |